| 000 | 00736nam a2200205 4500 | ||
|---|---|---|---|
| 001 | 129404 | ||
| 003 | ES-MaACL | ||
| 005 | 20250730071623.0 | ||
| 007 | t| | ||
| 008 | 070614s1981 sp a |||| | spa d | ||
| 080 | _a52"12" | ||
| 245 | 0 | 0 |
_aTextos y estudios sobre astronomía española en el siglo XIII / _ceditados por Juan Vernet. |
| 260 |
_aBarcelona : _bUniversidad Autónoma, Facultad de Filisofía y Letras, etc., _c1981. |
||
| 300 |
_a323 p. : _bil. ; _c24 cm. |
||
| 650 |
_aAstronomía- _vObras anteriores a 1800. _910389 |
||
| 700 | 1 |
_aVernet, Juan, _d1923-2011 _9114171 |
|
| 710 | 2 |
_aUniversidad Autónoma de Barcelona. _bFacultad de Filosofía y Letras. _97059 |
|
| 852 |
_aES-MaACL _jL-3573 |
||
| 999 |
_c129404 _d129404 |
||